00738nam a22002417a 45000010005000000030006000050050017000110080041000280200017000690400029000860500018001150820011001331000020001442450088001642600040002523000060002924900025003525050008003775210029003855210020004146500031004347000031004658071FISKH20250820144036.0250820b cb ||||| |||| 00| 0 eng d a087577005157 aFISKHbengcFISKHdFISKH aBS580.M6 G754 a221.95 aGriffin, Sunny aMoses and the very special basket / cby Sunny Griffin : Illustrated by Linda Welty a Ashland, Ohio :bLandoll , c1993. a28 unnumbered pages : bcolor illustrations ;c16 cm .  aLittle Landoll Books aJ 8 a500 bLexile estimate 8 aJ bRaz-Plus  aBible StoriesvNon-fiction aWelty, LindaeIllustrator